Welcome to CU Library Online Public Access Catalogue (OPAC)

Pharmacy Practice/ (Record no. 7715)

MARC details
000 -LEADER
fixed length control field 00499nam a22001697a 4500
005 - DATE AND TIME OF LATEST TRANSACTION
control field 20250925122355.0
008 - FIXED-LENGTH DATA ELEMENTS--GENERAL INFORMATION
fixed length control field 250925b |||||||| |||| 00| 0 eng d
020 ## - INTERNATIONAL STANDARD BOOK NUMBER
International Standard Book Number 9780415271592
050 ## - LIBRARY OF CONGRESS CALL NUMBER
Classification number RS100 PHA
245 ## - TITLE STATEMENT
Title Pharmacy Practice/
Statement of responsibility, etc. edited by Kevin M. G. Taylor & Geoffrey Harding
260 ## - PUBLICATION, DISTRIBUTION, ETC.
Place of publication, distribution, etc. New York
Name of publisher, distributor, etc. Informa Healthcare
Date of publication, distribution, etc. 2001
300 ## - PHYSICAL DESCRIPTION
Extent xvii. 561p.
Other physical details ill.
Dimensions 24.5cm
500 ## - GENERAL NOTE
General note includes an index
700 ## - ADDED ENTRY--PERSONAL NAME
Personal name Taylor, Kevin M. G.
700 ## - ADDED ENTRY--PERSONAL NAME
Personal name Harding, Geoffrey
942 ## - ADDED ENTRY ELEMENTS (KOHA)
Source of classification or shelving scheme Library of Congress Classification
Koha item type Books
Suppress in OPAC No
999 ## -
-- 7715
-- 7715
Holdings
Withdrawn status Lost status Source of classification or shelving scheme Damaged status Not for loan Collection Home library Current library Shelving location Date acquired Total checkouts Full call number Barcode Date last seen Copy number Price effective from Koha item type
    Library of Congress Classification     Non-fiction Science Library (Miotso) Science Library (Miotso) General stacks 09/25/2025   RS100 PHA SLM00004363 09/25/2025 1 09/25/2025 Books
    Library of Congress Classification     Non-fiction Science Library (Miotso) Science Library (Miotso) General stacks 09/25/2025   RS100 PHA SLM00004364 09/25/2025 2 09/25/2025 Books
    Library of Congress Classification     Non-fiction Science Library (Miotso) Science Library (Miotso) General stacks 09/25/2025   RS100 PHA SLM00004365 09/25/2025 3 09/25/2025 Books
    Library of Congress Classification     Non-fiction Science Library (Miotso) Science Library (Miotso) General stacks 09/25/2025   RS100 PHA SLM00004366 09/25/2025 4 09/25/2025 Books
    Library of Congress Classification     Non-fiction Science Library (Miotso) Science Library (Miotso) General stacks 09/25/2025   RS100 PHA SLM00004367 09/25/2025 5 09/25/2025 Books
© 2023-2024 Copyright: Central University Libraries. All Rights Reserved | Created by: Mahone Tech Office